|
|
|
|
| LEADER |
00635nta a2200157 i 4500 |
| 001 |
dipl45157 |
| 005 |
20141018130014.0 |
| 008 |
141018s2011 hu om 0|| zxx d |
| 040 |
|
|
|a SZTE Diploma Repozitórium
|b hun
|
| 041 |
|
|
|a zxx
|
| 100 |
2 |
|
|a Lautner-Deák Krisztina
|
| 245 |
1 |
2 |
|a A magyar parömiológiai minimum szociolingvisztikai szempontú vizsgálata a fiatal felnőtt korosztályban
|h [elektronikus dokumentum] /
|c Krisztina Lautner-Deák
|
| 260 |
|
|
|c 2011
|
| 650 |
|
4 |
|a Bölcsészettudományok
|
| 700 |
1 |
|
|a Forgács Tamás
|e ths
|
| 856 |
4 |
0 |
|u http://diploma.bibl.u-szeged.hu/id/eprint/45157/1/2011_lautner_deak_krisztina.pdf
|z Dokumentum-elérés
|